Normal view
MARC view
- Dr. Mohsin Jamil
Entry Personal Name
001 - CONTROL NUMBER
- control field: 16128
003 - CONTROL NUMBER IDENTIFIER
- control field: NUST
005 - DATE AND TIME OF LATEST TRANSACTION
- control field: 20190701054812.0
008 - FIXED-LENGTH DATA ELEMENTS
- fixed length control field: 190701|| aca||aabn | a|a d
040 ## - CATALOGING SOURCE
- Original cataloging agency: NUST
- Transcribing agency: NUST
100 ## - HEADING--PERSONAL NAME
- Personal name: Dr. Mohsin Jamil
670 ## - SOURCE DATA FOUND
- Source citation: Work cat.: (NUST): Haseeb, Muhammad 16126, DESIGN, ANALYSIS AND DIGITAL CONTROL OF GRID CONNECTED INVERTERS /, 2015.
